000 00393nam a2200181Ia 4500
008 210210b1955 xxu||||| |||| 00| 0 eng d
041 _aeng
082 _a731/11
100 _aGOVERNMENT OF CHINA
245 _aHappy youth of China
260 _aPeking
_b-
_c1955
650 _ayouth
650 _aof
650 _aHappy
650 _aChina
690 _aPhotography
906 _a011023
999 _c139097
_d139097